F1 2024 Team Radio - Who Said It? - Statistics

General Stats
  • This quiz has been taken 208 times
    154 since last reset
  • The average score is 4 of 17
Answer Stats
Hint Answer % Correct
"Fuck me this is boring, should have brought my pillow" Max Verstappen
68%
"Maybe try in Spanish" Charles Leclerc
53%
"I don't know what the thank you in Azerbaijani is, but I'm not even going to attempt it" Oscar Piastri
36%
"I don't know what that means" Carlos Sainz
34%
"Just pootling around at the moment" George Russell
29%
"Something is moving down by my legs" Lewis Hamilton
29%
"No! I'm in the ******* wall!" Lance Stroll
21%
"I'll end up in a wall in a minute" Lando Norris
16%
"Naughty!" Alex Albon
14%
"I guess it's the same idiot that crashed again" Sergio Perez
14%
"Ah, damn it. That was unnecessary" Nico Hulkenberg
13%
"Mate, he's so slow" Ollie Bearman
13%
"Caio!" Pierre Gasly
10%
"I am pushing, what are you talking about!" Esteban Ocon
8%
"Something strange... it goes stiff then goes soft...stiff, soft" Franco Colapinto
5%
"Yeah, but the tyres, dammit!" Yuki Tsunoda
5%
"Mate, this f****ing Aston, what the f***" Zhou Guanyu
4%
No matching quizzes found
Score Distribution
Percent of People with Each Score
Percentile by Number Answered
Your Score History
You have not taken this quiz since the last reset